[Event "Vecindario Montalvo Memorial 16th"]
[Site "Vecindario"]
[Date "2024.03.23"]
[Round "1"]
[White "Fiorito, Fabian"]
[Black "Matos Espino, Carlos Silverio"]
[Result "1-0"]
[WhiteElo "2251"]
[BlackElo "1726"]
[PlyCount "87"]
[EventDate "2024.03.23"]
[EventType "swiss"]
[EventRounds "9"]
[EventCountry "ESP"]
[SourceTitle "CB15_2024"]
[SourceDate "2024.04.10"]
[SourceVersion "1"]
[SourceVersionDate "2024.04.10"]
[SourceQuality "1"]

1. e4 c5 2. Nf3 Nc6 3. Bb5 e6 4. 0-0 Nf6 5. Bxc6 bxc6 6. d3 Be7 7. Qe2 0-0 8. e5 Nd5 9. c4 Nb6 10. Nc3 Qc7 11. Bf4 f6 12. exf6 Qxf4 13. fxe7 Re8 14. Ne4 Rxe7 15. Nxc5 d6 16. Ne4 d5 17. g3 Qc7 18. Nc3 e5 19. cxd5 cxd5 20. Rac1 Qb7 21. Nd2 Bf5 22. Nb3 Rc8 23. Rfe1 Qa6 24. d4 Qxe2 25. Rxe2 e4 26. Nc5 Bg4 27. Ree1 Rf7 28. b3 h5 29. a4 a5 30. Rc2 h4 31. Nd1 hxg3 32. fxg3 Rf3 33. Ne3 Bh3 34. Rf2 Rcf8 35. Rxf3 exf3 36. Kf2 Bc8 37. h4 Kh7 38. Nd1 Nd7 39. Ne6 Rf6 40. Ng5+ Kh6 41. Re8 Rf8 42. Rxf8 Nxf8 43. Ne3 Ne6 44. Nf5+ 1-0

[Event "Gran Canaria-ch U20"]
[Site "Vecindario"]
[Date "2023.04.14"]
[Round "2.6"]
[White "Gavilan Ledesma, Kevin"]
[Black "Matos Espino, Carlos Silverio"]
[Result "1-0"]
[WhiteElo "1240"]
[BlackElo "1444"]
[PlyCount "63"]
[EventDate "2023.04.12"]
[EventType "swiss"]
[EventRounds "7"]
[EventCountry "ESP"]
[SourceTitle "EXT 2024"]
[Source "ChessBase"]
[SourceDate "2023.10.10"]
[SourceVersion "1"]
[SourceVersionDate "2023.10.10"]
[SourceQuality "1"]

1. e4 c5 2. Nf3 Nc6 3. c3 e5 4. Bb5 d6 5. 0-0 Nf6 6. Re1 Bg4 7. d3 Be7 8. Be3 Qb6 9. Bxc6+ bxc6 10. b3 0-0 11. Nbd2 d5 12. h3 Bh5 13. g4 d4 14. Nc4 Qc7 15. cxd4 cxd4 16. Bg5 Bg6 17. Ncxe5 Rfd8 18. Rc1 Rd6 19. Nxg6 fxg6 20. e5 Re6 21. exf6 Rxe1+ 22. Qxe1 gxf6 23. Qe6+ Kg7 24. Bd2 c5 25. Nxd4 Rd8 26. Nc6 Rxd3 27. Qxe7+ Qxe7 28. Nxe7 Rxd2 29. Rxc5 Rxa2 30. Rc7 Kh6 31. h4 a5 32. Ng8# 1-0

[Event "Vecindario Montalvo Memorial 15th"]
[Site "Vecindario"]
[Date "2023.04.04"]
[Round "4"]
[White "Matos Espino, Carlos Silverio"]
[Black "Fuentes Perez, Noe"]
[Result "0-1"]
[WhiteElo "1444"]
[BlackElo "1986"]
[PlyCount "56"]
[EventDate "2023.04.02"]
[EventType "swiss"]
[EventRounds "9"]
[EventCountry "ESP"]
[SourceTitle "CBM 213 Extra"]
[Source "ChessBase"]
[SourceDate "2023.05.31"]
[SourceVersion "1"]
[SourceVersionDate "2023.05.31"]
[SourceQuality "1"]

1. e4 g5 2. d4 d5 3. e5 h6 4. c4 c5 5. dxc5 d4 6. Na3 Nc6 7. Nc2 Bg7 8. f4 gxf4 9. Bxf4 Bf5 10. Bd3 Qd7 11. Ne2 Bxe5 12. 0-0 Bg4 13. Bxe5 Nxe5 14. Nb4 Nf6 15. Qc2 Rg8 16. Nf4 0-0-0 17. Nbd5 Nh5 18. Nxh5 Nxd3 19. Rxf7 Bxh5 20. Rxe7 Qh3 21. Rc7+ Kb8 22. Rxb7+ Kxb7 23. Qb3+ Kc8 24. Ne7+ Kd7 25. Qb7+ Ke8 26. Qe4 Rxg2+ 27. Qxg2 Qxg2+ 28. Kxg2 Kxe7 0-1

[Event "Gran Canaria U1900 op"]
[Site "Gran Canaria"]
[Date "2023.01.04"]
[Round "7"]
[White "Vargas Tinoco, Martin Alonso"]
[Black "Matos Espino, Carlos Silverio"]
[Result "1/2-1/2"]
[WhiteElo "1465"]
[BlackElo "1313"]
[PlyCount "89"]
[EventDate "2022.12.27"]
[EventType "swiss"]
[EventRounds "7"]
[EventCountry "ESP"]
[SourceTitle "CBM 212 Extra"]
[Source "ChessBase"]
[SourceDate "2023.03.31"]
[SourceVersion "1"]
[SourceVersionDate "2023.03.31"]
[SourceQuality "1"]

1. d4 d5 2. c4 c6 3. Nc3 Nf6 4. Nf3 Bf5 5. Qb3 Qb6 6. cxd5 cxd5 7. Qxb6 axb6 8. e3 e6 9. Bb5+ Nc6 10. Ne5 Rc8 11. a3 Bd6 12. f4 0-0 13. 0-0 Ne4 14. Nxe4 Bxe4 15. Nd7 Rfd8 16. Nxb6 Rc7 17. Bd2 Na7 18. Ba4 Bd3 19. Rfc1 Nb5 20. Bd1 Rc6 21. Na4 f6 22. Nc5 Bxc5 23. Rxc5 Nd6 24. Rxc6 bxc6 25. b3 Ne4 26. Be1 c5 27. dxc5 Nxc5 28. Rc1 Ne4 29. a4 e5 30. b4 g5 31. g3 Kf7 32. Bf3 gxf4 33. Bxe4 dxe4 34. Rc7+ Kg6 35. gxf4 exf4 36. exf4 h5 37. Kf2 Kf5 38. Ke3 Bb1 39. Rc3 Rd1 40. Ke2 Rd5 41. Bd2 Bd3+ 42. Ke3 Kg4 43. b5 Rf5 44. Kd4 Kf3 45. Rc5 1/2-1/2

[Event "Gran Canaria U1900 op"]
[Site "Gran Canaria"]
[Date "2023.01.03"]
[Round "6"]
[White "Matos Espino, Carlos Silverio"]
[Black "Rivero Tacoronte, Gabriel"]
[Result "0-1"]
[WhiteElo "1313"]
[BlackElo "1484"]
[PlyCount "60"]
[EventDate "2022.12.27"]
[EventType "swiss"]
[EventRounds "7"]
[EventCountry "ESP"]
[SourceTitle "CBM 212 Extra"]
[Source "ChessBase"]
[SourceDate "2023.03.31"]
[SourceVersion "1"]
[SourceVersionDate "2023.03.31"]
[SourceQuality "1"]

1. e4 c6 2. d4 d5 3. e5 Bf5 4. h4 h5 5. Bg5 Qb6 6. Bd3 Bxd3 7. Qxd3 e6 8. Nf3 c5 9. Qc3 Nc6 10. a3 cxd4 11. Qd3 Qxb2 12. 0-0 Nge7 13. Nbd2 Qc3 14. Qb5 Rb8 15. Rab1 Ng6 16. Nb3 Qc4 17. Nbxd4 Qxb5 18. Nxb5 a6 19. Nc7+ Kd7 20. Nd4 Kxc7 21. Nf3 Be7 22. Rb3 Bxg5 23. Nxg5 Ngxe5 24. f4 Nc4 25. Nxf7 Rhf8 26. Ng5 Rf6 27. Re1 Re8 28. g3 e5 29. Rc3 e4 30. Nxe4 Rfe6 0-1